Gargoyles Comic Issues Quiz Stats

 Plays Quiz not verified by Sporcle

Score 0/18 Timer 05:00
0 Plays Today
Trade Paperback Volume Issue % Correct
Clan-Building, Volume IIThe Rock
97.6%
Clan-Building, Volume IThe Journey
90.5%
Clan-Building, Volume IInvitation Only
90.5%
Clan-Building, Volume IIPhoenix
90.5%
Clan-Building, Volume IMasque
88.1%
Clan-Building, Volume INightwatch
85.7%
Clan-Building, Volume IBash
85.7%
Clan-Building, Volume IIRock of Ages
85.7%
Clan-Building, Volume IIThe Gate
85.7%
Trade Paperback Volume Issue % Correct
Clan-Building, Volume IReunion
83.3%
Clan-Building, Volume IIRock and Roll
83.3%
Clan-Building, Volume IITyrants
83.3%
Bad Guys - RedemptionLosers
83.3%
Bad Guys - RedemptionLouse
81%
Bad Guys - RedemptionStrangled
73.8%
Bad Guys - RedemptionEstranged
71.4%
Bad Guys - RedemptionStrangers
64.3%
Bad Guys - RedemptionThe Lost
64.3%

You're not logged in!

Compare scores with friends on all Sporcle quizzes.
OR
Log In

You Might Also Like...

Show Comments

Extras

Created Aug 7, 2010SourceReportNominate

Top Quizzes Today


Score Distribution

Your Account Isn't Verified!

In order to create a playlist on Sporcle, you need to verify the email address you used during registration. Go to your Sporcle Settings to finish the process.

Report this User

Report this user for behavior that violates our Community Guidelines.

Details: